• 首页
  • 本馆介绍
  • 公告通知
  • 最新文献
  • 馆藏检索
  • 电子资源
  • 读者导购
  • 参考咨询
  • 我的图书馆
  • 登录
  • 详细信息显示
  • 放入我的书架
  • 预约/预借图书
  • 作者相关作品
  • 分类相关作品
  • 丛书相关作品
  • 出版社相关作品

书目信息

  • 表格格式
  • 工作单格式
  • 卡片格式
题名:
文化哲学与文化建设
    
 
作者: 江华 著
分册:  
出版信息: 北京   国家行政学院出版社  2015
页数: 11,244页
开本: 24cm
丛书名:
单 册:
中图分类: G02
科图分类:
主题词: 文化哲学--Wen Hua Zhe Xue--研究--中国 , 文化事业--Wen Hua Shi Ye--建设--研究--中国
电子资源:
ISBN: 978-7-5150-1437-1
000 00915nam0 22002531 450
001 350663
005 20161012080957.82
010    @a978-7-5150-1437-1@dCNY45.00
100    @a20160705d2015 em y0chiy50 ea
101 0  @achi
102    @aCN@b110000
105    @ay z 000yy
106    @ar
200 1  @a文化哲学与文化建设@AWen Hua Zhe Xue Yu Wen Hua Jian She@f江华著
210    @a北京@c国家行政学院出版社@d2015
215    @a11,244页@d24cm
300    @a中国石油大学(华东)学科建设基金资助项目
330    @a本书主要内容包括:导论、文化模式、文化思潮、文化冲突与传播、大众文化、精英文化、乡村文化、城市文化、经济文化、政治文化、文化转型、中外文化比较、文化产业共13章。
606 0  @a文化哲学@AWen Hua Zhe Xue@x研究@y中国
606 0  @a文化事业@AWen Hua Shi Ye@x建设@x研究@y中国
690    @aG02@v5
701  0 @a江华@AJiang Hua@f(1960-)@4著
801  0 @aCN@bTANGWEI@c20160805
905    @b0891160-4@dG02@e101@f5
    
    文化哲学与文化建设/江华著.-北京:国家行政学院出版社,2015
    11,244页;24cm
    中国石油大学(华东)学科建设基金资助项目
    
    ISBN 978-7-5150-1437-1:CNY45.00
    本书主要内容包括:导论、文化模式、文化思潮、文化冲突与传播、大众文化、精英文化、乡村文化、城市文化、经济文化、政治文化、文化转型、中外文化比较、文化产业共13章。
●
相关链接 在E读中查询图书 在五车中查询图书 在当当中查询图书 在豆瓣中查询图书


正题名:文化哲学与文化建设     索取号:G02/101         预约/预借

序号 登录号 条形码 馆藏地/架位号 状态 备注
1 0891160   208911604   第一样本阅览室/ [索取号:G02/101] 在馆    
2 0891161   208911613   第四借阅区/ [索取号:G02/101] 在馆    
3 0891162   208911622   第四借阅区/ [索取号:G02/101] 在馆    
4 0891163   208911631   第四借阅区/ [索取号:G02/101] 在馆    
5 0891164   208911640   第四借阅区/ [索取号:G02/101] 在馆    
唐山师范学院图书馆 欢迎您!
大连网信软件有限公司© 版权所有